00916nam a22002417a 4500003000500000005001700005008004100022010000900063011000900072035000900081040000900090100003900099245020600138260005200344300002000396500001100416502008200427650004600509650002200555650002200577700003300599700004200632CHAP20220329133336.0971013s1990 r 00010 d a5160 a6132 a5350 cCHAP00aRodríguez García, José Luis. aAnálisis de las características edafoclimáticas del ejido Tecamalucan, municipio de Acultzingo, Ver. su relación con el cultivo de chile poblano (Capsicum annuum L.) y alternativas en su manejo aCuautitlán Izcalli, Méx. :bEl autor,c1990 a196 h.e+ mapas a56-106 aTesis (Ing. Agrícola) -- UNAM. Facultad de Estudios Superiores Cuautitlán14aChile poblanoxEfecto del medio ambiente.14aCultivos y clima.14aSueloszVeracruz.0 aDorantes Garduño, Gerardo.0 aGarcía Torreblanca, María Isabel.